[Event "GER-chT U12"]
[Site "Verden"]
[Date "2012.12.29"]
[Round "5.2"]
[White "Schramm, Moritz"]
[Black "Neumann, Tiemon"]
[Result "1/2-1/2"]
[WhiteElo "1441"]
[BlackElo "1499"]
[PlyCount "100"]
[EventDate "2012.12.27"]
[EventType "team-swiss"]
[EventRounds "7"]
[EventCountry "GER"]
[SourceTitle "EXT 2014"]
[Source "ChessBase"]
[SourceDate "2013.11.20"]
[SourceVersion "1"]
[SourceVersionDate "2013.11.20"]
[SourceQuality "1"]
[WhiteTeam "Stadtilm Blau Weiss"]
[BlackTeam "Aurich"]
[WhiteTeamCountry "GER"]
[BlackTeamCountry "GER"]

1. Nf3 d5 2. d3 Bg4 3. Nbd2 Nf6 4. g3 g6 5. Bg2 Bg7 6. 0-0 Nc6 7. e4 e6 8. h3 Bxf3 9. Bxf3 0-0 10. c3 Ne5 11. Qe2 Nxf3+ 12. Qxf3 c5 13. Qg2 Qd6 14. f4 e5 15. Re1 exf4 16. e5 Qe6 17. Nf3 Nd7 18. gxf4 f6 19. d4 Qf5 20. Bd2 fxe5 21. dxe5 Rae8 22. Ng5 h6 23. Nf3 Kh7 24. h4 Re6 25. Kh1 Rf7 26. Rf1 Bf8 27. Rad1 Be7 28. a3 Nb6 29. b3 Rf8 30. a4 a5 31. Bc1 Rg8 32. Qh2 Qg4 33. Qg2 Qh5 34. Qg3 Qf5 35. Bd2 Rf8 36. Rde1 Rg8 37. Bc1 Rd8 38. Re2 Rg8 39. Rh2 h5 40. Rg1 Nd7 41. Ng5+ Bxg5 42. Qxg5 Qxg5 43. Rxg5 Nb6 44. Rd2 Rd8 45. Bb2 c4 46. bxc4 Nxc4 47. Re2 Nxb2 48. Rxb2 b6 49. Rd2 Kh6 50. Rg3 Re7 1/2-1/2

[Event "GER-chT U12"]
[Site "Verden"]
[Date "2012.12.28"]
[Round "4.2"]
[White "Fischer, Patrick"]
[Black "Schramm, Moritz"]
[Result "0-1"]
[WhiteElo "1278"]
[BlackElo "1441"]
[PlyCount "88"]
[EventDate "2012.12.27"]
[EventType "team-swiss"]
[EventRounds "7"]
[EventCountry "GER"]
[SourceTitle "EXT 2014"]
[Source "ChessBase"]
[SourceDate "2013.11.20"]
[SourceVersion "1"]
[SourceVersionDate "2013.11.20"]
[SourceQuality "1"]
[WhiteTeam "Biberach"]
[BlackTeam "Stadtilm Blau Weiss"]
[WhiteTeamCountry "GER"]
[BlackTeamCountry "GER"]

1. e4 c5 2. c3 Nf6 3. e5 Nd5 4. d4 cxd4 5. cxd4 e6 6. Nf3 Qc7 7. Nc3 Nxc3 8. bxc3 Qxc3+ 9. Bd2 Qc7 10. Be2 b6 11. 0-0 Bb7 12. Rc1 Qd8 13. Qe1 a6 14. Bd3 Bxf3 15. gxf3 Nc6 16. Be4 Rc8 17. d5 Nxe5 18. Rxc8 Qxc8 19. Kg2 Ng6 20. dxe6 fxe6 21. Qb1 Nh4+ 22. Kh3 Qd8 23. Rg1 h6 24. Rg4 Nf5 25. Bxf5 exf5 26. Qxf5 Qf6 27. Qe4+ Qe6 28. Qa8+ Kf7 29. Kg3 Bd6+ 30. Kg2 Rxa8 31. a3 Bxa3 32. Rf4+ Kg8 33. Be3 b5 34. Rg4 Qxg4+ 35. fxg4 b4 36. g5 hxg5 37. Bxg5 b3 38. h4 b2 39. h5 b1Q 40. h6 Qg6 41. hxg7 Qxg5+ 42. Kf1 Bc5 43. f4 Qg3 44. f5 Qf2# 0-1

[Event "GER-chT U12"]
[Site "Verden"]
[Date "2012.12.28"]
[Round "3.2"]
[White "Schramm, Moritz"]
[Black "Huber, Benedikt"]
[Result "0-1"]
[WhiteElo "1441"]
[BlackElo "1445"]
[PlyCount "100"]
[EventDate "2012.12.27"]
[EventType "team-swiss"]
[EventRounds "7"]
[EventCountry "GER"]
[SourceTitle "EXT 2014"]
[Source "ChessBase"]
[SourceDate "2013.11.20"]
[SourceVersion "1"]
[SourceVersionDate "2013.11.20"]
[SourceQuality "1"]
[WhiteTeam "Stadtilm Blau Weiss"]
[BlackTeam "Muenchen Suedost"]
[WhiteTeamCountry "GER"]
[BlackTeamCountry "GER"]

1. e4 e6 2. Nf3 d5 3. d3 dxe4 4. dxe4 Qxd1+ 5. Kxd1 Nf6 6. Nbd2 Bc5 7. h3 Bxf2 8. b3 Bc5 9. Bb2 Nbd7 10. Bc4 b6 11. Rf1 Bb7 12. Bd3 0-0-0 13. a4 h6 14. a5 Kb8 15. a6 Ba8 16. Bc3 Be7 17. Rb1 Nc5 18. e5 Nd5 19. Bd4 Nb4 20. Bxc5 Bxc5 21. Be2 Be3 22. c3 Bxf3 23. Rxf3 Rxd2+ 24. Ke1 Nc2+ 25. Kf1 Rf8 26. h4 Bc5 27. g3 Ne3+ 28. Ke1 Ra2 29. b4 Nc2+ 30. Kf1 Be7 31. Bd3 f5 32. Bc4 Ra3 33. Bxe6 Nxb4 34. Rc1 Nxa6 35. Rxf5 Rxf5+ 36. Bxf5 Ra5 37. Re1 Rc5 38. Re3 Kb7 39. h5 Nb8 40. g4 a5 41. Bc2 b5 42. Bb3 a4 43. Ba2 Nc6 44. e6 Re5 45. Rd3 Bd6 46. Rf3 Rg5 47. Rf5 Rxf5+ 48. gxf5 b4 49. cxb4 Nxb4 50. Bb1 a3 0-1

[Event "GER-ch U14 DEM op"]
[Site "Oberhof"]
[Date "2010.05.28"]
[Round "6"]
[White "Schramm, Moritz"]
[Black "Svane, Frederik"]
[Result "1-0"]
[WhiteElo "1173"]
[BlackElo "821"]
[PlyCount "67"]
[EventDate "2010.05.23"]
[EventType "swiss"]
[EventRounds "7"]
[EventCountry "GER"]
[SourceTitle "CBM 136 Extra"]
[Source "ChessBase"]
[SourceDate "2010.07.02"]
[SourceVersion "2"]
[SourceVersionDate "2010.07.15"]
[SourceQuality "1"]

1. Nc3 c5 2. e4 Nc6 3. f4 d6 4. g3 Nf6 5. Bg2 Bg4 6. Nge2 Nd4 7. 0-0 Qb6 8. Kh1 Qa6 9. d3 b5 10. h3 Bh5 11. g4 b4 12. Nd5 Nxd5 13. exd5 Bxg4 14. hxg4 Nb5 15. Ng3 g6 16. f5 Qb6 17. Re1 Nc7 18. f6 Kd7 19. fxe7 Bxe7 20. Qe2 Rae8 21. Qf2 Rhf8 22. Bh6 Rg8 23. Qxf7 Kd8 24. Rxe7 Rxe7 25. Qxg8+ Re8 26. Bg5+ Kc8 27. Qxh7 Qb8 28. Qxg6 Kb7 29. Qxd6 Rh8+ 30. Kg1 Qg8 31. Qc6+ Kc8 32. d6 Qg7 33. Qb7+ Kd7 34. Qxc7+ 1-0